000 00638nam a22002051a 4500
999 _c553
_d553
008 190917s2014 ii ||||g |||| 00| 0 eng d
020 _a9789351720249
040 _aKO
_beng
041 0 _aeng
044 _aii
082 0 4 _223
_a320.954
_bG4472
110 _aNational Council of Educational Research and Training (Delhi, India)
245 1 0 _aGist of NCERT Indian Polity /
_cNational Council of Educational Research and Training (Delhi, India)
260 _aDelhi :
_bKalinjar Publications,
_c2014
300 _a162 p. ;
_c24 cm.
650 0 _aIndia
_xPolitics and government
_vTextbooks
904 _aS_JOY
942 _cBK